000
00231 a2200097 4500
001
48297
100
_a
Liataurette, K.S
245
_a
A short history of the far east
260
_a
New York
_b
The Macmillan
_c
090
_c
31249
_d
31249
942
_a
NUST-CAE
_c
M
_c
23613
999
_c
283370
_d
283370